[Event "Geneve op"]
[Site "Geneve"]
[Date "1994.??.??"]
[Round "9"]
[White "Plesec, Damjan"]
[Black "Bennett, John"]
[Result "1-0"]
[WhiteElo "2325"]
[BlackElo "2205"]

1.d4 Nf6 2.c4 g6 3.Nf3 Bg7 4.Nc3 O-O 5.e4 d6 6.Be2 e5 7.dxe5 dxe5 8.Qxd8 Rxd8
9.Bg5 Re8 10.Nd5 Nxd5 11.cxd5 c6 12.Bc4 cxd5 13.Bxd5 Nc6 14.O-O-O Be6 15.Bxe6 Rxe6
16.Rd7 Rc8 17.Kb1 b6 18.Rhd1 f6 19.Be3 Rce8 20.Rc1 Rc8 21.b4 Kf8 22.b5 Ne7
23.Rcc7 Rxc7 24.Rxc7 h6 25.Nd2 f5 26.f3 Rd6 27.Kc2  1-0

[Event "Sas van Gent"]
[Site "Gent"]
[Date "1994.??.??"]
[Round "2"]
[White "Van Laatum, Gozewijn"]
[Black "Hendriks, Willy"]
[Result "1/2-1/2"]
[WhiteElo "2410"]
[BlackElo "2370"]

1.d4 g6 2.c4 Bg7 3.e4 d6 4.Nc3 Nf6 5.Nf3 O-O 6.Be2 Nbd7 7.O-O e5 8.Qc2 c6
9.Rd1 Qe7 10.d5 c5 11.g3 Ne8 12.Nh4 Bf6 13.Ng2 Bg5 14.f4 exf4 15.gxf4 Bh6
16.Bd3 Ndf6 17.e5 Nh5 18.Re1 Bh3 19.Qf2 Neg7 20.Nb5 dxe5 21.fxe5 Bxc1 22.Raxc1 Qg5
23.Bf1 Nf5 24.Rc3 Bxg2 25.Bxg2 Nf4 26.Re4 Nxg2 27.Qxg2 Qd8 28.d6 Rc8 29.Nc7 Rxc7
30.dxc7 Qxc7 31.Rd3 Nd4 32.Rh3 Re8 33.e6 Nxe6 34.Rd3 Rf8 35.Qg3 Qb6 36.Qe5 Nd4
37.b3 Qd8 38.Qd5 Qc8 39.Qg5 Qc6 40.Qd5 Qc8 41.Qg5 Qc6  1/2-1/2

[Event "Oberliga SuedW 9394"]
[Site "GER"]
[Date "1994.??.??"]
[Round "?"]
[White "Koerholz, Ludger"]
[Black "Peterson, Emery"]
[Result "1/2-1/2"]
[WhiteElo "2295"]
[BlackElo "2165"]

1.c4 Nf6 2.Nc3 g6 3.d4 Bg7 4.e4 d6 5.Be2 O-O 6.Nf3 Nbd7 7.O-O e5 8.Qc2 c6
9.Rd1 Ne8 10.Be3 Qe7 11.Re1 h6 12.Rad1 f5 13.exf5 gxf5 14.dxe5 dxe5 15.Bf1 Qf7
16.Nh4 Nc7 17.f4 e4 18.g3 Nb6 19.b3 Bf6 20.Ng2 Qg7 21.Ne2 Ne6 22.Rd6 Be7
23.Rdd1 Bf6 24.Rd2 Bd7 25.Red1 c5 26.g4 Bc6 27.gxf5 Nd4 28.Nxd4 cxd4 29.Bxd4 Bxd4+
30.Rxd4 Rxf5 31.Qf2 Kh7 32.Rd8 Rxd8 33.Rxd8 Nd7 34.Qg3 Qf7 35.Qe3 Nf8 36.Be2 Ng6
37.b4 Qe7 38.Qd2 e3 39.Qd3 Rf7 40.f5 Ne5 41.f6+ Nxd3 42.Bxd3+ Qe4 43.Bxe4+ Bxe4
44.Re8 Bc6 45.Re6 Kg6 46.b5 Bd7 47.Rd6 Rxf6 48.Rxd7 e2 49.h3 Rf1+ 50.Kh2 Kf6
51.Rd3 e1=Q 52.Nxe1 Rxe1 53.Rd7 Re2+ 54.Kg3 Rxa2 55.Rxb7 Rc2 56.Rc7 Ke5 57.c5 Rb2
58.Rb7 Rb4 59.b6 axb6 60.Rxb6 Rc4 61.Rxh6 Rc3+ 62.Kg4 Rc4+ 63.Kf3 Rc3+ 64.Ke2 Rc2+
65.Kf3 Rxc5 66.Kg4 Rc7 67.Ra6  1/2-1/2

[Event "Oberliga SuedW 9394"]
[Site "GER"]
[Date "1994.??.??"]
[Round "?"]
[White "Behling, Robert"]
[Black "Peterson, Emery"]
[Result "1-0"]
[WhiteElo "2295"]
[BlackElo "2165"]

1.c4 Nf6 2.Nc3 g6 3.e4 d6 4.d4 Bg7 5.Nf3 O-O 6.Be2 e5 7.dxe5 dxe5 8.Qxd8 Rxd8
9.Bg5 Re8 10.O-O-O h6 11.Bh4 Na6 12.Nd2 c6 13.f3 Nh5 14.a3 Nc5 15.Bf2 Ne6
16.g3 Nd4 17.b4 Be6 18.Bxd4 exd4 19.Na4 b5 20.cxb5 cxb5 21.Bxb5 Rec8+ 22.Kb1 Rab8
23.Ba6 Rc6 24.Bd3 a5 25.b5 Bd7 26.Ka2 Rc3 27.Nxc3 dxc3 28.Nb3 Bxb5 29.Bxb5 Rxb5
30.Rd5 Rxd5 31.exd5 Nf6 32.d6 a4 33.Nc5 Nd5 34.Nxa4  1-0

[Event "BL2-N9394"]
[Site "Germany"]
[Date "1994.??.??"]
[Round "?"]
[White "Steinert, Marc"]
[Black "Apel, Stefan"]
[Result "1-0"]
[WhiteElo "2265"]
[BlackElo "2290"]

1.Nf3 Nf6 2.d4 g6 3.c4 Bg7 4.Nc3 O-O 5.e4 d6 6.Be2 e5 7.O-O Na6 8.Qc2 c6
9.Rd1 Qe7 10.dxe5 dxe5 11.a3 Nc7 12.h3 Nh5 13.Bg5 f6 14.Be3 Nf4 15.Bf1 f5
16.b4 b6 17.Re1 fxe4 18.Qxe4 Qf6 19.Bxf4 exf4 20.Rac1 Bb7 21.c5 Kh8 22.Qc2 Rab8
23.Ne4 Qb2 24.Nd6 Ba8 25.Re7 Nd5 26.Rxa7 Qxc2 27.Rxc2 Bf6 28.cxb6 Rxb6 29.Ne4 Bg7
30.Nfg5 Bd4 31.Ne6 Rxb4 32.axb4 Bxa7 33.Nxf8  1-0

[Event "BL9394 (Women)"]
[Site "Germany"]
[Date "1994.??.??"]
[Round "?"]
[White "Lewandowska, Katarzyna"]
[Black "Micic, Jordanka"]
[Result "0-1"]
[WhiteElo "2130"]
[BlackElo "2330"]

1.d4 Nf6 2.Nf3 g6 3.c4 Bg7 4.Nc3 O-O 5.e4 d6 6.Be2 Na6 7.O-O e5 8.Re1 Nh5
9.dxe5 dxe5 10.Qxd8 Rxd8 11.Bg5 f6 12.Be3 Be6 13.a3 Nf4 14.Bxf4 exf4 15.Nd5 g5
16.Nd4 Bf7 17.Rad1 c6 18.Ne7+ Kh8 19.Nef5 Bf8 20.g3 Nc5 21.f3 fxg3 22.hxg3 g4
23.b4 gxf3 24.Bxf3 Nd7 25.c5 Ne5 26.Kg2 b6 27.b5 Bxc5 28.Nxc6 Rxd1 29.Rxd1 Bb3
30.Rb1 Bc4 31.a4 a6 32.Nxe5 fxe5 33.a5 axb5 34.axb6 Rb8 35.Rd1 Bxb6 36.Nd6 Be3
37.Nxc4 bxc4 38.Rd7 Rb2+ 39.Kh3 c3 40.Bd1 c2 41.Bxc2 Rxc2 42.Kg4 Rf2 43.Re7 Bd4
44.Kg5 Kg8 45.g4 Rf4 46.Re8+ Kf7 47.Rb8 h6+ 48.Kh5 Rxe4 49.Rb7+  0-1

[Event "Oberliga Nord W9495"]
[Site "Germany"]
[Date "1994.??.??"]
[Round "?"]
[White "Hummel, Dirk"]
[Black "Sawatzki, Frank"]
[Result "1-0"]
[WhiteElo "2270"]
[BlackElo "2265"]

1.d4 Nf6 2.c4 g6 3.Nc3 Bg7 4.e4 d6 5.Nf3 O-O 6.Be2 e5 7.Be3 c6 8.O-O exd4
9.Nxd4 Re8 10.Bf3 Nbd7 11.Qc2 Ne5 12.Be2 Neg4 13.Bg5 Qa5 14.Bf4 Nh5 15.Nb3 Qc7
16.Bd2 Be6 17.h3 Ne5 18.Nd1 c5 19.Re1 Nc6 20.Bxh5 gxh5 21.Ne3 a5 22.Nd5 Bxd5
23.exd5 Nb4 24.Bxb4 cxb4 25.Nd2 b5 26.Rad1 bxc4 27.Qxc4 Rec8 28.Re8+  1-0

[Event "BL9394 (Women)"]
[Site "Germany"]
[Date "1994.??.??"]
[Round "?"]
[White "Kas Fromm, Rita"]
[Black "Micic, Jordanka"]
[Result "1/2-1/2"]
[WhiteElo "2255"]
[BlackElo "2330"]

1.d4 Nf6 2.c4 g6 3.Nc3 Bg7 4.e4 d6 5.Be2 O-O 6.Nf3 e5 7.Be3 Ng4 8.Bg5 f6
9.Bc1 Nh6 10.h3 Nc6 11.O-O Nf7 12.Be3 Ng5 13.dxe5 Nxf3+ 14.Bxf3 fxe5 15.Bg4 Nd4
16.Bxc8 Rxc8 17.Nb5 Nxb5 18.cxb5 Rf7 19.Qb3 Qf6 20.Rac1 c5 21.bxc6 bxc6 22.Rfd1 Bf8
23.Rc2 Kg7 24.Rdc1 c5 25.Rc4 h5 26.Rb4  1/2-1/2

[Event "Hessenliga"]
[Site "Germany"]
[Date "1994.??.??"]
[Round "?"]
[White "Quendro, Llambi"]
[Black "Degenhardt, Horst"]
[Result "1-0"]
[WhiteElo "2300"]
[BlackElo "2340"]

1.d4 Nf6 2.c4 g6 3.Nc3 Bg7 4.e4 O-O 5.Nf3 d6 6.Be2 e5 7.Be3 c6 8.O-O exd4
9.Nxd4 Re8 10.f3 d5 11.cxd5 cxd5 12.Bb5 Bd7 13.Qb3 Nc6 14.Rad1 a6 15.Nxc6 bxc6
16.Ba4 Rb8 17.Qc2 Qe7 18.Bf4 Rbc8 19.Bg3 Be6 20.Bh4 Qa7+ 21.Bf2 Qb7 22.Bd4 Red8
23.Qf2 c5 24.Bxc5 dxe4 25.Rxd8+ Rxd8 26.Nxe4 Nxe4 27.fxe4 Qxb2 28.Qxb2 Bxb2
29.Bb3 Bxb3 30.axb3 Rd3 31.Rf3 Bd4+ 32.Bxd4 Rxd4 33.Rf6 Rxe4 34.Rxa6 Rb4
35.Ra3 Kg7 36.Kf2 Kf6 37.Ke3 Kg5 38.Kd3 f5 39.Kc3 Re4 40.Ra2 h5 41.b4 h4
42.b5 f4 43.b6 Re8 44.Ra5+ Kf6 45.h3 Rb8 46.Rb5 Ke6 47.Kd4 Kd6 48.Ke4 Kc6
49.Rb2  1-0

[Event "Oberliga Nord O9394"]
[Site "Germany"]
[Date "1994.??.??"]
[Round "?"]
[White "Holzapfel, Daniel"]
[Black "Knuth, Hannes"]
[Result "1-0"]
[WhiteElo "2285"]
[BlackElo "2360"]

1.d4 Nf6 2.Nf3 g6 3.c4 Bg7 4.Nc3 O-O 5.e4 d6 6.Be2 e5 7.dxe5 dxe5 8.Qxd8 Rxd8
9.Bg5 c6 10.Nxe5 Re8 11.O-O-O Na6 12.f4 Nc5 13.Bf3 Ne6 14.Bxf6 Bxf6 15.Nd3 Nd4
16.e5 Bg7 17.Ne4 Re7 18.Ndc5 Nxf3 19.Rd8+ Bf8 20.Nf6+ Kg7 21.gxf3 b6 22.Nce4 Bb7
23.Rhd1 Rxd8 24.Rxd8 c5 25.Ng5 h6 26.Ngh7 Bxf3 27.Rxf8  1-0

[Event "BL2-W9394"]
[Site "Germany"]
[Date "1994.??.??"]
[Round "?"]
[White "Sieglen, Joachim"]
[Black "Telljohann, Sven"]
[Result "0-1"]
[WhiteElo "2410"]
[BlackElo "2385"]

1.Nf3 g6 2.c4 Bg7 3.d4 Nf6 4.Nc3 O-O 5.e4 d6 6.Be2 Na6 7.O-O e5 8.Re1 c6
9.Rb1 Qe7 10.Bf1 Bg4 11.d5 c5 12.h3 Bxf3 13.Qxf3 Nd7 14.g3 f5 15.a3 Rf7 16.h4 f4
17.Qg4 Bh6 18.Bh3 fxg3 19.fxg3 Bxc1 20.Rexc1 Nf6 21.Qg5 Kg7 22.Be6 Rff8 23.Rf1 h6
24.Qe3 Nc7 25.Bh3 Rab8 26.b4 b6 27.Rf2 Nh5 28.bxc5 bxc5 29.Rfb2 Rxb2 30.Rxb2 Na8
31.Bg4 Nf6 32.Be2 Qd7 33.Kg2 Nb6 34.Rb1 Ng4 35.Bxg4 Qxg4 36.Qd3 Nxc4 37.Qxc4 Qf3+
38.Kh3 Rf4 39.Qe2 Qxc3 40.Rb7+ Kf6 41.Rd7 Rf3 42.Rxd6+ Kf7 43.Qg2 Qe3 44.Rc6 Rf2
45.Qg1 Qe2 46.Rc7+  0-1

[Event "BL2-O9394"]
[Site "Germany"]
[Date "1994.??.??"]
[Round "?"]
[White "Hesse, Peter"]
[Black "Siepelt, Heiner"]
[Result "0-1"]
[WhiteElo "2370"]
[BlackElo "2360"]

1.d4 Nf6 2.Nf3 g6 3.c4 Bg7 4.Nc3 O-O 5.e4 d6 6.Be2 Qe8 7.O-O e5 8.dxe5 dxe5
9.b3 Qe7 10.Qc2 c6 11.Ne1 a5 12.Nd3 Na6 13.Be3 Nd7 14.a3 Ndc5 15.Nxc5 Nxc5
16.Bxc5 Qxc5 17.Na4 Qa7 18.c5 Be6 19.Bc4 Bxc4 20.Qxc4 Rad8 21.Rad1 Rd4 22.Rxd4 exd4
23.Nb2 Re8 24.Re1 b5 25.cxb6 Qxb6 26.Nd3 Rb8 27.b4 axb4 28.axb4 Qb5 29.Rc1 Ra8
30.Kf1 Qh5 31.h3 Ra3 32.Re1 Rc3 33.Qa6 Qg5 34.e5 Qf5 35.e6 fxe6 36.Qc8+ Bf8
37.Nc5 Rc2 38.Ne4 d3  0-1

[Event "Oberliga Nord W9495"]
[Site "Germany"]
[Date "1994.??.??"]
[Round "?"]
[White "Diedrichsen, Detlev"]
[Black "Juhnke, Karl"]
[Result "1/2-1/2"]
[WhiteElo "2200"]
[BlackElo "2305"]

1.d4 Nf6 2.c4 g6 3.Nc3 Bg7 4.e4 d6 5.Nf3 O-O 6.Be2 e5 7.d5 Na6 8.Nd2 c6 9.O-O Bd7
10.Nb3 cxd5 11.cxd5 Ne8 12.Bxa6 bxa6 13.Qd3 a5 14.Qa6 a4 15.Nxa4 Nc7 16.Qa5 Nxd5
17.Qxd5 Bxa4 18.Be3 Qd7 19.Rfd1 Rfb8 20.Qxd6 Qxd6 21.Rxd6 Bxb3 22.axb3 Rxb3
23.Rxa7 Rxa7 24.Rd8+ Bf8 25.Bxa7 Rxb2 26.f4 Kg7 27.fxe5 Re2 28.Bd4 Rxe4 29.e6+ f6
30.Rd7+ Kg8 31.Rd8 Kg7  1/2-1/2

[Event "BL2-W9394"]
[Site "Germany"]
[Date "1994.??.??"]
[Round "?"]
[White "Kamp, Christoph"]
[Black "Grimm, Sascha"]
[Result "0-1"]
[WhiteElo "2280"]
[BlackElo "2320"]

1.c4 Nf6 2.Nc3 g6 3.e4 d6 4.d4 Bg7 5.Be2 O-O 6.Nf3 e5 7.O-O Nbd7 8.Qc2 c6
9.Rd1 Qe7 10.d5 c5 11.Ne1 Ne8 12.Nd3 f5 13.Bd2 Ndf6 14.f3 f4 15.g4 h5 16.h3 hxg4
17.hxg4 Nxg4 18.fxg4 f3 19.Bf1 Qh4 20.Be3 Nf6 21.Bf2 Qxg4+ 22.Kh1 Qh5+ 23.Kg1 Qg5+
24.Kh1 Kf7 25.Bg1 Rh8+ 26.Bh2 Nh5 27.Bg2 Ng3+ 28.Kg1 Ne2+  0-1

[Event "BL9394 (Women)"]
[Site "Germany"]
[Date "1994.??.??"]
[Round "?"]
[White "Olbrich, Marina"]
[Black "Daemering, Katrin"]
[Result "0-1"]
[WhiteElo "2290"]
[BlackElo "2110"]

1.d4 Nf6 2.Nf3 g6 3.c4 Bg7 4.Nc3 O-O 5.e4 d6 6.Be2 Nbd7 7.O-O e5 8.d5 Nc5
9.Qc2 a5 10.b3 Nh5 11.Re1 f5 12.Nd2 Nf6 13.Bf3 f4 14.a3 g5 15.Rb1 g4 16.Be2 f3
17.gxf3 Qe8 18.Kh1 Qh5 19.Rg1 gxf3 20.Bxf3 Bg4 21.Rg3 Kh8 22.b4 axb4 23.axb4 Bxf3+
24.Nxf3 Ng4 25.Kg2 Rxf3 26.Rxf3 Qxh2+ 27.Kf1 Qh1+ 28.Ke2 Nh2 29.Re3 Qf1+
30.Kd2 Bh6 31.Nd1 Bxe3+ 32.Kxe3 Qh3+ 33.Kd2 Nf3+ 34.Kc3 Nd4+ 35.Ne3 Nxc2
36.bxc5 Nd4 37.Bd2 Ra3+ 38.Kb4 Rd3 39.Bc1 dxc5+ 40.Kxc5 b6+ 41.Kb4 Qd7  0-1

[Event "BL2-N9394"]
[Site "Germany"]
[Date "1994.??.??"]
[Round "?"]
[White "Federau, Juergen"]
[Black "Meyer, Claus Dieter"]
[Result "1/2-1/2"]
[WhiteElo "2305"]
[BlackElo "2330"]

1.d4 Nf6 2.c4 d6 3.Nc3 Nbd7 4.Nf3 g6 5.e4 Bg7 6.Be2 O-O 7.O-O e5 8.Re1 c6
9.Bf1 exd4 10.Nxd4 Ng4 11.Qxg4 Bxd4 12.Be3 Nc5 13.Qd1 Be5 14.f3 Re8 15.Qd2 a5
16.Rac1 Be6 17.Ne2 a4 18.Nf4 Qf6 19.Nxe6 Nxe6 20.Rb1 Bd4 21.Bxd4 Qxd4+ 22.Qf2 Qxf2+
23.Kxf2 Nd4 24.Rbd1 c5 25.Bd3 Re7 26.Re3 a3 27.bxa3 Rxa3 28.Rd2 b6 29.Rb2 Rea7
30.Bb1 R3a6 31.f4 Re7 32.g4 f6 33.h4 Kg7 34.Rh3 h6 35.Rg3 g5 36.f5 Rb7 37.hxg5 hxg5
38.Rh3 Rb8 39.Kf1 Rh8 40.Rxh8 Kxh8 41.Kf2 Kg7 42.Kf1 Nf3 43.Bd3 Ne5 44.Be2 Kf8
45.Rb3 Rxa2 46.Rxb6 Ke7 47.Rb7+ Nd7 48.Kf2 Kd8 49.Ke3 Ra1 50.Kf2 Ra3 51.Rb1 Ke7
52.Rb7 Ra4 53.Rc7 Ra2 54.Ke3  1/2-1/2

[Event "BL2-N9394"]
[Site "Germany"]
[Date "1994.??.??"]
[Round "?"]
[White "Giemsa, Stephan"]
[Black "Stanke, Juergen"]
[Result "1/2-1/2"]
[WhiteElo "2295"]
[BlackElo "2300"]

1.Nf3 Nf6 2.c4 g6 3.Nc3 Bg7 4.e4 d6 5.d4 O-O 6.Be2 Nbd7 7.O-O e5 8.Qc2 Qe7
9.d5 Ne8 10.b4 h6 11.a4 f5 12.c5 dxc5 13.bxc5 Nxc5 14.Ba3 b6 15.Nd2 Nd6 16.Bxc5 bxc5
17.Nb3 fxe4 18.Nxe4 Nxe4 19.Qxe4 Qd6 20.Qc4 Rf4 21.Qxc5 Rb8 22.Qxd6 cxd6
23.Na5 Rb2 24.Bb5 e4  1/2-1/2

[Event "BL2-N9394"]
[Site "Germany"]
[Date "1994.??.??"]
[Round "?"]
[White "Giemsa, Stephan"]
[Black "Stolz, Mike"]
[Result "1-0"]
[WhiteElo "2295"]
[BlackElo "2265"]

1.Nf3 Nf6 2.c4 g6 3.Nc3 Bg7 4.e4 d6 5.d4 O-O 6.Be2 e5 7.O-O Nbd7 8.Qc2 c6
9.d5 c5 10.a3 Ne8 11.b4 b6 12.Rb1 f5 13.Ng5 Nb8 14.exf5 gxf5 15.f4 e4 16.g4 Bd4+
17.Kh1 Qf6 18.Rb3 Ng7 19.gxf5 Bxf5 20.Ncxe4 Qg6 21.Bd3 Nd7 22.Ng3 Kh8 23.Nxf5 Nxf5
24.Ne6 Qh5 25.Bxf5 Rxf5 26.Nxd4 cxd4 27.Bb2 Raf8 28.Bxd4+ Ne5 29.Rbf3 h6
30.R3f2 Qg4 31.fxe5 Rxf2 32.Rxf2 Rxf2 33.Qxf2 Qe4+ 34.Kg1 Qg4+ 35.Kf1 Qd1+
36.Kg2 Qg4+ 37.Kh1  1-0

[Event "BL2-N9394"]
[Site "Germany"]
[Date "1994.??.??"]
[Round "?"]
[White "Hegeler, Frank"]
[Black "Meyer, Claus Dieter"]
[Result "1/2-1/2"]
[WhiteElo "2210"]
[BlackElo "2320"]

1.d4 Nf6 2.c4 d6 3.Nc3 Nbd7 4.Nf3 e5 5.e4 g6 6.Be2 Bg7 7.O-O O-O 8.Re1 c6
9.Bf1 Re8 10.d5 c5 11.a3 Rf8 12.b4 a5 13.bxa5 Rxa5 14.Bd2 Ra6 15.a4 Ne8 16.Qc2 Qe7
17.Bd3 Ndf6 18.g3 Ng4 19.Nh4 Bh6 20.f3 Bxd2 21.Qxd2 Ngf6 22.a5 Nd7 23.Reb1 Ng7
24.Na4 Qd8 25.Rb5 Ne8 26.Rab1 Nc7 27.R5b3 Ra8 28.Nb6 Nxb6 29.Rxb6 Na6 30.Bf1 Nb4
31.R1xb4 cxb4 32.Qxb4 Qc7 33.Qxd6 Qxd6 34.Rxd6 Rxa5 35.Rb6 Ra1 36.Kf2 f5
37.exf5 gxf5 38.f4 e4 39.Ng2 Kg7 40.Ne3 Ra2+ 41.Be2 Rf6 42.d6 Rf7 43.Ke1  1/2-1/2

[Event "BL2-W9394"]
[Site "Germany"]
[Date "1994.??.??"]
[Round "?"]
[White "Kamp, Christoph"]
[Black "Gruenberg, Hans Ulrich"]
[Result "1-0"]
[WhiteElo "2280"]
[BlackElo "2460"]

1.c4 Nf6 2.Nc3 g6 3.e4 d6 4.d4 Bg7 5.Be2 O-O 6.Nf3 Nbd7 7.O-O e5 8.Qc2 Nh5
9.Rd1 Nf4 10.Bf1 exd4 11.Nxd4 Ne6 12.Be3 Ne5 13.h3 f5 14.f4 Nf7 15.exf5 Nxd4
16.Bxd4 Bxd4+ 17.Rxd4 Bxf5 18.Qf2 Bd7 19.Re1 Bc6 20.b4 b6 21.Nd5 Bxd5 22.cxd5 a5
23.a3 axb4 24.axb4 Ra3 25.Qb2 Qf6 26.Re6 Ra2 27.Qc3 Ra3 28.Qd2 Qf5 29.Bd3 Ra1+
30.Kh2 Qh5 31.Be2 Qh6 32.Re7 Qh4 33.Rxc7 Qf2 34.Bf3 Qg1+ 35.Kg3 Nh6 36.Bg4 Nxg4
37.hxg4 Ra3+ 38.Rc3  1-0

[Event "BL2-W9394"]
[Site "Germany"]
[Date "1994.??.??"]
[Round "?"]
[White "Legde, Georg"]
[Black "Bosboom, Manuel"]
[Result "0-1"]
[WhiteElo "2265"]
[BlackElo "2395"]

1.d4 Nf6 2.c4 g6 3.Nc3 Bg7 4.e4 d6 5.Nf3 O-O 6.Be2 Nbd7 7.O-O e5 8.Re1 b6
9.Bf1 exd4 10.Nxd4 Bb7 11.Bg5 h6 12.Bh4 Re8 13.f3 c6 14.Qd2 a6 15.Rad1 b5
16.Nb3 bxc4 17.Bxc4 Bf8 18.Qc2 Qb6+ 19.Bf2 Qc7 20.Bd4 Ne5 21.Be2 Rac8 22.Kh1 Bg7
23.f4 Ned7 24.Bf3 c5 25.Bf2 Re6 26.Nd2 Nb6 27.a4 Rce8 28.a5 Nc8 29.Nc4 g5
30.f5 R6e7 31.Bg3 g4 32.Nxd6 Nh5 33.Nxe8 Nxg3+ 34.hxg3 Rxe8 35.Bxg4 Qxg3
36.Bh3 Be5 37.Kg1 Nd6 38.Qe2 Bd4+ 39.Kf1 Nxe4 40.Nxe4 Rxe4 41.Rxd4 cxd4 42.Qd2 Rf4+
43.Kg1 Bc6 44.Rc1 Bb5 45.Re1 Rh4 46.Rc1 Rxh3 47.Qxd4 Qe3+  0-1

[Event "BL2-W9394"]
[Site "Germany"]
[Date "1994.??.??"]
[Round "?"]
[White "Siebrecht, Sebastian"]
[Black "Bosboom, Manuel"]
[Result "0-1"]
[WhiteElo "2360"]
[BlackElo "2395"]

1.d4 Nf6 2.Nf3 g6 3.c4 Bg7 4.Nc3 O-O 5.e4 d6 6.Be2 Nbd7 7.O-O e5 8.Be3 exd4
9.Nxd4 c6 10.Nc2 Qe7 11.f3 Ne5 12.Qd2 Be6 13.b3 Rfd8 14.Rad1 d5 15.exd5 cxd5
16.c5 Rac8 17.Nd4 Bd7 18.b4 a5 19.Bg5 Be6 20.a3 axb4 21.axb4 Nc6 22.Ncb5 h6
23.Bh4 Ra8 24.Ra1 Nxd4 25.Nxd4 Ne4 26.Bxe7 Nxd2 27.Nxe6 Bxa1 28.Bxd8 Nxf1
29.Kxf1 fxe6 30.Be7 Be5 31.Bb5 Kf7 32.Bh4 Bc3 33.c6 bxc6 34.Bxc6 Ra1+ 35.Ke2 Ra2+
36.Ke3 Bxb4  0-1

[Event "BL2-W9394"]
[Site "Germany"]
[Date "1994.??.??"]
[Round "?"]
[White "Malich, Burkhard"]
[Black "Michalczak, Thomas"]
[Result "1/2-1/2"]
[WhiteElo "2415"]
[BlackElo "2290"]

1.Nf3 Nf6 2.c4 g6 3.Nc3 Bg7 4.e4 d6 5.d4 O-O 6.Be2 e5 7.d5 a5 8.Bg5 h6 9.Bh4 Na6
10.Nd2 h5 11.f3 Bh6 12.Bf2 Nh7 13.b3 h4 14.a3 Bd7 15.Rb1 f5 16.Qc2 Kg7 17.b4 axb4
18.axb4 Qg5 19.Rg1 Nf6 20.Nf1 Nh5 21.g3 hxg3 22.hxg3 Qe7 23.Nh2 Nf6 24.Bd3 f4
25.Ne2 fxg3 26.Nxg3 Kh7 27.c5 Nh5 28.Nxh5 gxh5 29.c6 bxc6 30.dxc6 Be6 31.Rh1 Nxb4
32.Rxb4 Ra1+ 33.Rb1 Ra2 34.Rb2 Ra1+ 35.Rb1 Ra2 36.Rb2 Ra1+  1/2-1/2

[Event "BL9394 (Women)"]
[Site "Germany"]
[Date "1994.??.??"]
[Round "?"]
[White "Bobrowska, Monika"]
[Black "Zatulovskaya, Tatiana"]
[Result "1/2-1/2"]
[WhiteElo "2180"]
[BlackElo "2105"]

1.d4 Nf6 2.Nf3 g6 3.c4 Bg7 4.Nc3 d6 5.e4 O-O 6.Be2 e5 7.d5 Nbd7 8.Bg5 a5
9.O-O h6 10.Bh4 g5 11.Bg3 Nh5 12.Nd2 Nf4 13.b3 Nc5 14.a3 f5 15.f3 h5 16.exf5 Bxf5
17.Nce4 Bxe4 18.fxe4 g4 19.Bf2 Bh6 20.Bxc5 dxc5 21.Re1 Qf6 22.Nf1 Nh3+ 23.gxh3 Qf2+
24.Kh1 gxh3 25.Bf3 Rxf3 26.Ra2 Qxa2 27.Qxf3 Qg2+ 28.Qxg2+ hxg2+ 29.Kxg2 a4
30.Rb1 axb3 31.Rxb3 b6 32.Ng3 Ra4 33.Nf5 Bf4 34.d6 cxd6 35.Nxd6 Bc1 36.Rxb6 Rxa3
37.Rb5 Bf4 38.Rxc5 h4 39.Rc8+ Kh7 40.h3 Rg3+ 41.Kf2 Rxh3 42.Nf5 Rc3 43.Rc7+ Kh8
44.Rc8+  1/2-1/2

[Event "BL2-S9394"]
[Site "Germany"]
[Date "1994.??.??"]
[Round "?"]
[White "Parulava, Temur"]
[Black "Dirr, Ulrich"]
[Result "1-0"]
[WhiteElo "2300"]
[BlackElo "2260"]

1.d4 Nf6 2.c4 g6 3.Nc3 Bg7 4.e4 d6 5.Nf3 O-O 6.Be2 e5 7.d5 a5 8.Bg5 Na6 9.Nd2 h6
10.Be3 Nh7 11.Nb3 b6 12.Qd2 h5 13.O-O Bd7 14.Rad1 Qe8 15.Nb5 a4 16.Na1 h4
17.b4 Nf6 18.f3 Nh5 19.Nc2 f5 20.exf5 gxf5 21.f4 Nxf4 22.Bxf4 exf4 23.Nbd4 Be5
24.Bf3 Qg6 25.Nc6 Rae8 26.N2d4 Nb8 27.Nb5 Qg7 28.Ncd4 Bc8 29.Qc2 Rf6 30.Qxa4 Rg6
31.Qc2 Rf8 32.Kh1 Kh8 33.h3 Rg8 34.a4 Na6 35.Qd2 Nxb4 36.Qxb4 Rxg2 37.Qe1 Rg3
38.Rf2 Ba6 39.Qf1 Qg5 40.Ne6  1-0

[Event "BL2-O9394"]
[Site "Germany"]
[Date "1994.??.??"]
[Round "?"]
[White "Szymczak, Zbigniew"]
[Black "Hesse, Peter"]
[Result "1/2-1/2"]
[WhiteElo "2350"]
[BlackElo "2370"]

1.d4 Nf6 2.c4 g6 3.Nc3 Bg7 4.Nf3 d6 5.e4 O-O 6.Be2 e5 7.d5 Na6 8.Bg5 h6 9.Bh4 c6
10.Nd2 cxd5 11.cxd5 Bd7 12.O-O Rc8 13.Nc4 Qc7 14.a4 Nc5 15.f3 Nxa4 16.Rxa4 b5
17.Nxd6 bxa4 18.Nxc8 Rxc8 19.Nxa4 Qa5 20.b3 Nh5 21.Be1 Qd8 22.g3 Bf8 23.Kh1 Nf6
24.Qa1 Bh3 25.Rg1 Nd7 26.Bc3 h5 27.Bf1 Bxf1 28.Rxf1 Bd6 29.Qb2 h4 30.Qd2 Kg7
31.f4 hxg3 32.hxg3 f6 33.Kg2 Qe7 34.f5 g5 35.Rh1 Rh8 36.Rxh8 Kxh8 37.Qe2 Kg7
38.Qa6 Nc5 39.Nxc5 Bxc5 40.Qe6 g4 41.Be1 Qb7 42.Qe8 Qa6 43.Qg6+ Kf8 44.Qxg4 Qa2+
45.Kh3 Qb1 46.Qe2 Qxb3 47.Bd2 Qb1 48.Qe1 Qb5 49.Kg4 Kg7 50.Ba5 Qd3 51.Bd2 Bb6  1/2-1/2

[Event "BL2-N9394"]
[Site "Germany"]
[Date "1994.??.??"]
[Round "?"]
[White "Giemsa, Stephan"]
[Black "Hausner, Ivan"]
[Result "0-1"]
[WhiteElo "2295"]
[BlackElo "2480"]

1.Nf3 d6 2.d4 Nf6 3.c4 g6 4.Nc3 Bg7 5.e4 O-O 6.Be2 e5 7.O-O exd4 8.Nxd4 Re8
9.f3 c6 10.Nb3 a5 11.Na4 Na6 12.Bg5 h6 13.Bh4 d5 14.cxd5 b5 15.Nc3 b4 16.Na4 cxd5
17.Bb5 Re6 18.Nd4 Nc7 19.Nxe6 Bxe6 20.Bc6 Ra6 21.Rc1 g5 22.Bg3 Nce8 23.Be5 Bf8
24.b3 Be7 25.Qd3 Ra7 26.Qd4 Ra6 27.Bb7 Rd6 28.Bxd6 Nxd6 29.Bxd5 Nxd5 30.exd5 Nf5
31.Qd3 Bf6 32.Kh1 Ne7 33.Nc5 Bxd5 34.Rfe1 Ng6 35.Qb5 Be5 36.Qd7 Qa8 37.Ne4 Be6
38.Qe7 Nxe7 39.Nc5 Bc3  0-1

[Event "Landesliga S9495 Bayern"]
[Site "Germany"]
[Date "1994.??.??"]
[Round "1"]
[White "Reilein, Christian"]
[Black "Prediger, Rupert"]
[Result "1-0"]
[WhiteElo "2315"]
[BlackElo "2195"]

1.d4 Nf6 2.Nf3 g6 3.c4 Bg7 4.Nc3 d6 5.e4 O-O 6.Be2 e5 7.dxe5 dxe5 8.Qxd8 Rxd8
9.Bg5 Re8 10.Nd5 Nxd5 11.cxd5 c6 12.Bc4 cxd5 13.Bxd5 Nc6 14.O-O-O Bg4 15.Kb1 Rac8
16.Be3 b6 17.Ng5 Nd8 18.f3 Be6 19.Nxe6 Nxe6 20.Bxe6 Rxe6 21.Rd7 Bf8 22.Rhd1 a5
23.Rb7 Bc5 24.Bg5 Bd4 25.f4 Rec6 26.fxe5 Bxe5 27.h3 f6 28.Be3 Rc2 29.Rd8+ Rxd8
30.Kxc2 Bd4 31.Bxd4 Rxd4 32.Rxb6 Rxe4 33.Kd3 f5 34.Rb5 a4 35.Rb7 h5 36.Ra7 h4
37.Rb7 Kf8 38.Rc7 Rb4 39.Kc3 Re4 40.Rd7 Re3+ 41.Rd3 Re2 42.Rd2 Re3+ 43.Kb4 Re4+
44.Kc5 Ke7 45.b4 axb3 46.axb3 g5 47.b4 g4 48.Rd4 Rxd4 49.Kxd4 f4 50.hxg4 f3
51.Ke3 fxg2 52.Kf2  1-0

[Event "Landesliga S9495 Bayern"]
[Site "Germany"]
[Date "1994.??.??"]
[Round "6"]
[White "Weigel, Robert"]
[Black "Loos, Stephan"]
[Result "1-0"]
[WhiteElo "2095"]
[BlackElo "2070"]

1.c4 Nf6 2.Nc3 g6 3.e4 d6 4.d4 Bg7 5.Be2 O-O 6.Nf3 Nbd7 7.O-O e5 8.Re1 c6
9.Bf1 Re8 10.Rb1 exd4 11.Nxd4 Nc5 12.f3 Nh5 13.Be3 Be5 14.Qd2 Qh4 15.g4 Bxg4
16.fxg4 Nf6 17.h3 Nfxe4 18.Nxe4 Nxe4 19.Qg2 Qf6 20.Nf3 Re6 21.Nxe5 Qxe5 22.Bd3 d5
23.Bxe4 dxe4 24.Rbd1 Re7 25.c5 Rf8 26.Rf1 f5 27.gxf5 Rxf5 28.Rxf5 Qxf5 29.Qg4 h5
30.Qg5 Rf7 31.Rd8+ Kh7 32.Qh6+  1-0

[Event "Landesliga S9495 Bayern"]
[Site "Germany"]
[Date "1994.??.??"]
[Round "6"]
[White "Sailer, Wolfgang"]
[Black "Gnegel, Boris Igor"]
[Result "1-0"]
[WhiteElo "2115"]
[BlackElo "2020"]

1.d4 Nf6 2.Nf3 g6 3.c4 Bg7 4.Nc3 O-O 5.e4 d6 6.Be2 e5 7.dxe5 dxe5 8.Qxd8 Rxd8
9.Bg5 Re8 10.Nd5 Nxd5 11.cxd5 c6 12.Bc4 b5 13.Bb3 Bb7 14.Rc1 h6 15.Be3 Rd8
16.O-O cxd5 17.Rc7 Bc6 18.exd5 Bxd5 19.Bxd5 Rxd5 20.Rc8+ Kh7 21.Rfc1 Rd7
22.g3 a5 23.Re8 e4 24.Nd2 Bxb2 25.Rcc8 f5 26.Nb3 a4 27.Nc5 Rd1+ 28.Kg2 Ra7
29.Rxb8 Ra1 30.Nxa4 Rxa4 31.Re7+ Bg7 32.Rbb7 Rc4 33.Rxg7+ Kh8 34.Bxh6  1-0

[Event "Giessen Feb-IM"]
[Site "Giessen"]
[Date "1994.??.??"]
[Round "6"]
[White "Mohandesi, Shahin"]
[Black "Reschke, Stefan"]
[Result "0-1"]
[WhiteElo "2305"]
[BlackElo "2390"]

1.d4 Nf6 2.c4 g6 3.Nc3 Bg7 4.e4 d6 5.Nf3 O-O 6.Be2 e5 7.O-O Na6 8.Be3 c6
9.dxe5 dxe5 10.Nd2 Qe7 11.Nb3 Rd8 12.Qc2 Ng4 13.Bxg4 Bxg4 14.a3 Be6 15.Ne2 b6
16.f3 Rd7 17.Rfd1 Rad8 18.Rd2 Qh4 19.Rad1 Rxd2 20.Nxd2 Bh6 21.Bxh6 Qxh6 22.Nc3 Qe3+
23.Kh1 Qf2 24.Ncb1 Nc5 25.Rc1 Nd3 26.Rf1 Qd4 27.h3 Nxb2 28.c5 bxc5 29.Rc1 Nd3
30.Rf1 Rb8 31.Qc3 Rb2 32.Qa5 Ba2 33.Kh2 Nf4 34.Rg1 c4 35.h4 c3  0-1